EVA ako metóda hodnotenia výkonnosti podniku bakalárska práca

Uložené v:
Podrobná bibliografia
Hlavný autor: Kavková, Katarína
Korporativný autor: Podnikovohospodárska fakulta EU so sídlom v Košiciach. Katedra manažmentu
Ďalší autori: Karabašová, Ľudmila, 1982-
Médium: Kniha
Jazyk:Slovak
Vydavateľské údaje: Košice 2009
Tagy: Pridať tag
Žiadne tagy, Buďte prvý, kto otaguje tento záznam!

MARC

LEADER 00000nam$a2200000$$$4500
001 0106779
005 20240318131025.9
041 0 |a slo 
044 |a SK 
245 1 0 |a EVA ako metóda hodnotenia výkonnosti podniku  |b bakalárska práca  |c Katarína Kavková ; škol. Ľudmila Karabašová 
264 1 |a Košice  |c 2009 
300 |a 58 s. 
100 1 |a Kavková, Katarína 
700 1 |a Karabašová, Ľudmila, 1982- 
710 2 |a Podnikovohospodárska fakulta EU so sídlom v Košiciach. Katedra manažmentu